000 00388 a2200145 4500
999 _c9909
_d9909
020 _aNO ISBN
050 _aKQERHO1977
245 _aRhodesia Government Gazette :
_b(Part 2) .240-468 /
264 _aSalisbury: Zimbabwe
_bGovernment Printer,
_c1977
300 _a2241p. :
500 _aincludes index
650 _alegislation
651 _azimbabwe
942 _2lcc
_cSERIALS
_h512
_iRHO
_kKQE